000 00765nam a2200241 a 4500
005 20251105063859.0
008 040317s2000 mx r 000 0 spa d
020 _a8449308704
035 _aUPN01000132713
049 _aCG
050 4 _aBF162
_bB4.3
100 1 _aBertherat, Thérése
245 1 0 _aCorreo del cuerpo :
_bnuevas vías de la antigimnasia /
_cThérése Bertherat, Carol Bernstein ; tr. de Joan Valls i Royo.
260 _aBarcelona, Esp. :
_bPaidós,
_c2000.
300 _a174 p.
440 0 _aCuerpo y salud ;
_v42
534 _pTraducción de:
_tCourrier du corps
650 2 _aMente y cuerpo
_98110
650 2 _aAutopercepción
_93822
650 4 _aEJERCICIOS TERAPEUTICOS
_94953
700 1 _aBernstein, Carol,
_ecoaut.
905 _aLibro
999 _c104867
_d104867